000 01345nam a2200373 c 4500
001 11348
003 ES-MaCES
005 20150929135818.0
008 001103s2000 sp o100 | spa d
035 _aCES20000015398m
040 _aES-MaCES
_bspa
_cES-MaCES
111 2 _aEncuentro sobre Diálogo Social entre el CES de España y el CES de Túnez
_n
_d2000
_cMadrid
_9618
245 1 0 _aI Encuentro sobre Díalogo Social entre el CES de España y el CES de Túnez, Madrid, 24 y 25 de octubre de 2000
260 _a[S.l.
_bs.n.]
_c2000
300 _a[79] h.
_c30 cm
500 _aTít. tomado de la cub
500 _aEn la port.: Consejo Económico y Social
500 _aEjemp. fotocopiado
541 _cGratuito
650 4 _aConsejos Económicos y Sociales
_930859
650 4 _arelaciones interinstitucionales
_930832
650 4 _aEspaña
_926964
650 4 _aTúnez
_926847
650 4 _adeclaración de políticas
_929625
650 4 _aconferencia
_927013
653 1 0 _aRelaciones laborales-Empleo
650 4 _928369
_arelaciones laborales
650 4 _930664
_aconcertación social
710 2 _aConsejo Económico y Social (España)
_92408
710 2 _aConsejo Económico y Social (Túnez)
_92429
902 _aDOC Literatura gris
942 _2CES
_cBK
_h2.0.
999 _c11348
_d11348